Ako na Windows /

Gespeichert in:
Bibliographische Detailangaben
Hauptverfasser: Moravčíková, Ľudmila (Verfasst von), Môťovský, Martin (Verfasst von)
Format: Buch
Sprache:Slowakisch
Veröffentlicht: Praha : Grada, 1992
Ausgabe:1.vyd.
Schriftenreihe:"Nestůjte za dveřmi
Tags: Tag hinzufügen
Keine Tags, Fügen Sie das erste Tag hinzu!

MARC

LEADER 00000nam a22000003a 4500
001 stu6045
005 20200923115726.2
008 940606s1992----xr------------------slo-d
020 |a 80-85623-42-0 
040 |a STU  |b slo 
041 0 |a slo 
044 |a xr 
080 |a 681.32.06 
080 |a WINDOWS 
080 |a 519.68 
100 1 |a Moravčíková, Ľudmila  |4 aut 
245 1 |a Ako na Windows /  |c [aut.] Moravčíková,Ňudmila; Môťovský,Martin 
250 |a 1.vyd. 
260 |a Praha :  |b Grada,  |c 1992 
300 |a 117 s 
700 1 |a Môťovský, Martin  |4 aut 
830 0 |a "Nestůjte za dveřmi 
996 |b E79005  |c E*79005  |l EE03  |s P  |a 0  |w stu6045_0001